000 00278nam a2200109Ia 4500
008 220204s9999 xx 000 0 und d
082 _a803
_bKAN
100 _aKant, S
245 0 _aKant's German in one month
260 _aJulunder
_bSchool of Foreign language
_c1978
942 _cBK
999 _c28140
_d28140